| 000 | 00914cam a2200253 a 4500 | ||
|---|---|---|---|
| 001 | 000007449 | ||
| 005 | 20240306073909.0 | ||
| 008 | 910820s1990 cu b 000 0dspa | ||
| 035 | _a(DLC) 91186180 | ||
| 040 |
_aDO-SdBNP _cDLC _dBNPHU |
||
| 082 |
_a923.27291 _bM378T |
||
| 100 | 1 |
_aToledo Sande, Luis, _d1950- _920712 |
|
| 245 | 1 | 0 |
_aJosé Martí, con el remo de proa : _bcatorce aproximaciones / _cLuis Toledo Sande ; edición, Ela López Ugarta y Adiala González. |
| 260 |
_aLa Habana : _bCentro de Estudios Martianos : _bCiencias Sociales, _c1990. |
||
| 300 |
_a440 p. ; _c21 cm. |
||
| 490 | 1 | _aEstudios martianos | |
| 504 | _aIncluye referencias bibliográficas. | ||
| 600 | 1 | 0 |
_aMartí, José, _d1853-1895 _9645 |
| 700 | 1 |
_aLópez Ugarta, Ela, _eed. _920713 |
|
| 700 | 1 |
_aGonzález, Adiala, _eed. _920714 |
|
| 830 | 0 |
_aEstudios martianos. _919427 |
|
| 910 | _aCatalogación por copia / LC | ||
| 049 | _aBNGR | ||
| 999 |
_c7230 _d7230 |
||